Normal view
MARC view
- ZIENKIEWICZ, O.C
Entry Personal Name
001 - CONTROL NUMBER
- control field: 90174
003 - CONTROL NUMBER IDENTIFIER
- control field: NUST
005 - DATE AND TIME OF LATEST TRANSACTION
- control field: 20220302160411.0
008 - FIXED-LENGTH DATA ELEMENTS
- fixed length control field: 220302|| aca||aabn | a|a d
040 ## - CATALOGING SOURCE
- Original cataloging agency: NUST
- Transcribing agency: NUST
100 ## - HEADING--PERSONAL NAME
- Personal name: ZIENKIEWICZ, O.C
670 ## - SOURCE DATA FOUND
- Source citation: Work cat.: (NUST): ZIENKIEWICZ, O.C. , FINITE ELEMENT METHOD ITS BASIS FUNDAMENTALS /, 2013.
